[Event "XXI Festival Conca della Presolana A"]
[Site "Bratto - Castione della Presolana ITA"]
[Date "2001.08.27"]
[Round "6"]
[White "Rigamonti, Stefano"]
[Black "Pegoraro, Nicola"]
[Result "0-1"]
[WhiteElo "1902"]
[BlackElo "2099"]
[PlyCount "122"]
[EventDate "2001.08.22"]

1.e4 c5 2.Nf3 d6 3.d4 cxd4 4.Nxd4 Nf6 5.Nc3 a6 6.Bg5 e6 7.f4 Qb6 8.Nb3 Nc6
9.Be2 Be7 10.Qd2 Qc7 11.a4 h6 12.Bxf6 Bxf6 13.O-O Qb6+ 14.Kh1 Nd4 15.Nxd4 
Qxd4 16.Rad1 Qxd2 17.Rxd2 Bxc3 18.bxc3 Bd7 19.a5 Bc6 20.Rxd6 Bxe4 21.Bf3 
Bxf3 22.Rxf3 Rd8 23.Rfd3 Rxd6 24.Rxd6 Ke7 25.Rb6 Rb8 26.Kg1 Kf6 27.g3 Rc8 
28.Rxb7 Rc5 29.Ra7 Rxa5 30.c4 Ra2 31.c5 Rxc2 32.Rxa6 Rxc5 33.Ra2 g5 34.Kg2
Rc4 35.Rf2 gxf4 36.gxf4 Kf5 37.Kg3 Rc3+ 38.Kg2 f6 39.h3 h5 40.Kh2 h4 41.
Kg2 Rc4 42.Ra2 Rxf4 43.Ra5+ e5 44.Ra8 Rb4 45.Rh8 Rf4 46.Ra8 Rd4 47.Rh8 Kg5
48.Re8 Kf4 49.Rf8 f5 50.Rf7 Rd2+ 51.Kg1 e4 52.Rf8 Rd3 53.Kg2 Rg3+ 54.Kh2 
e3 55.Re8 Kf3 56.Ra8 Rg2+ 57.Kh1 Rd2 58.Ra3 f4 59.Rb3 Kg3 60.Rb1 Rh2+ 61.
Kg1 f3 0-1

[Event "XXI Festival Conca della Presolana A"]
[Site "Bratto - Castione della Presolana ITA"]
[Date "2001.08.27"]
[Round "6"]
[White "Sarno, Spartaco"]
[Black "Mauro, Alan"]
[Result "1-0"]
[WhiteElo "2400"]
[BlackElo "2245"]
[PlyCount "93"]
[EventDate "2001.08.22"]

1.Nf3 c5 2.c4 g6 3.e3 Bg7 4.d4 Nf6 5.Nc3 O-O 6.Be2 d6 7.O-O Nc6 8.b3 Bf5 
9.Bb2 Rb8 10.Qd2 cxd4 11.exd4 Ne4 12.Nxe4 Bxe4 13.Ng5 Bf5 14.d5 Bxb2 15.
Qxb2 Ne5 16.Qd4 f6 17.f4 Nd7 18.Nf3 Bg4 19.Rfe1 Bxf3 20.Bxf3 Rf7 21.g3 Qa5
22.Re2 Qc5 23.Qf2 b5 24.cxb5 Rxb5 25.Rae1 Kf8 26.Rc2 Qxf2+ 27.Kxf2 Nc5 28.
Ke3 e5 29.dxe6 Re7 30.Kd2 Nxe6 31.Rc8+ Kf7 32.Kc3 Rc7+ 33.Rxc7+ Nxc7 34.b4
a5 35.a3 h6 36.Be2 axb4+ 37.axb4 Rb6 38.Bc4+ d5 39.Bd3 f5 40.Ra1 Kf6 41.
Ra7 Rc6+ 42.Kd2 d4 43.b5 Rc3 44.b6 Nd5 45.b7 Rb3 46.Bc4 Rb2+ 47.Kc1 1-0

[Event "XXI Festival Conca della Presolana A"]
[Site "Bratto - Castione della Presolana ITA"]
[Date "2001.08.27"]
[Round "6"]
[White "Schaefer, Michael"]
[Black "Valori, Vincenzo"]
[Result "1-0"]
[WhiteElo "2240"]
[BlackElo "2056"]
[PlyCount "93"]
[EventDate "2001.08.22"]

1.d4 Nf6 2.Nf3 g6 3.c4 Bg7 4.Nc3 O-O 5.Bf4 d6 6.h3 Nbd7 7.e3 c6 8.Be2 Qa5 
9.O-O e5 10.Bh2 Re8 11.Rb1 Nf8 12.b4 Qd8 13.dxe5 dxe5 14.Qxd8 Rxd8 15.Bxe5
Bf5 16.Rbd1 Bc2 17.Rxd8 Rxd8 18.Nd4 N8d7 19.Bc7 Rc8 20.Bh2 Ne4 21.Nxe4 
Bxe4 22.f3 c5 23.Nb5 Bc2 24.Rc1 Ba4 25.Nd6 Rb8 26.Bd1 Bb2 27.Rb1 Bxd1 28.
Rxb2 cxb4 29.Rxb4 b6 30.Rb2 Ba4 31.Rd2 f6 32.Nb5 Rb7 33.Nc3 Nc5 34.Bd6 Rd7
35.Kf2 Bc6 36.Ke2 Nb7 37.Bb4 Rxd2+ 38.Kxd2 Kf7 39.Kd3 a6 40.Kd4 b5 41.cxb5
axb5 42.e4 Ke6 43.Ne2 g5 44.Be1 f5 45.exf5+ Kxf5 46.Kc3 h5 47.Nd4+ 1-0

[Event "XXI Festival Conca della Presolana A"]
[Site "Bratto - Castione della Presolana ITA"]
[Date "2001.08.27"]
[Round "6"]
[White "Stefanelli, Luca"]
[Black "Osuna Munoz, Xavier"]
[Result "1/2-1/2"]
[WhiteElo "2270"]
[BlackElo "2109"]
[PlyCount "58"]
[EventDate "2001.08.22"]

1.d4 Nf6 2.Nf3 d6 3.Bf4 b6 4.e3 Bb7 5.Be2 g6 6.h3 Bg7 7.O-O O-O 8.Nbd2 
Nbd7 9.c3 Re8 10.a4 a5 11.Qb3 e6 12.Bg5 h6 13.Bh4 Qc8 14.Bg3 Qd8 15.Rad1 
Qe7 16.Bb5 Rec8 17.Rfe1 c6 18.Bf1 Ba6 19.Bxa6 Rxa6 20.e4 Nh5 21.Bh2 e5 22.
Nc4 b5 23.axb5 Rb8 24.dxe5 Nxe5 25.Nfxe5 Bxe5 26.Bxe5 dxe5 27.b6 Nf4 28.g3
Nxh3+ 29.Kg2 Ng5 1/2-1/2

[Event "XXI Festival Conca della Presolana A"]
[Site "Bratto - Castione della Presolana ITA"]
[Date "2001.08.27"]
[Round "6"]
[White "Tatai, Stefano"]
[Black "Mantovani, Renzo"]
[Result "1/2-1/2"]
[WhiteElo "2350"]
[BlackElo "2372"]
[PlyCount "27"]
[EventDate "2001.08.22"]

1.d4 Nf6 2.Nf3 e6 3.c4 b6 4.g3 Ba6 5.b3 Bb4+ 6.Bd2 Be7 7.Bg2 d5 8.cxd5 
exd5 9.O-O O-O 10.Bc3 Ne4 11.Bb2 Re8 12.Nfd2 f5 13.Nxe4 fxe4 14.f3 1/2-1/2

[Event "XXI Festival Conca della Presolana A"]
[Site "Bratto - Castione della Presolana ITA"]
[Date "2001.08.27"]
[Round "6"]
[White "Temi, Walter"]
[Black "Rossi, Giampiero"]
[Result "1-0"]
[WhiteElo "2067"]
[BlackElo "2119"]
[PlyCount "57"]
[EventDate "2001.08.22"]

1.e4 c5 2.Nf3 e6 3.c3 d5 4.exd5 Qxd5 5.d4 Nc6 6.Na3 Nf6 7.Be2 cxd4 8.Nb5 
Qd8 9.Nbxd4 Nxd4 10.Nxd4 Be7 11.Qa4+ Bd7 12.Qb3 Qb6 13.O-O O-O 14.Re1 Rfe8
15.Bf3 Qxb3 16.axb3 Nd5 17.c4 Nb4 18.Bxb7 Bf6 19.Bxa8 Rxa8 20.Rd1 Bxd4 21.
Rxd4 Nc2 22.Rxd7 Nxa1 23.b4 Nc2 24.Bd2 Kf8 25.Bc3 Ke8 26.Rd2 Rd8 27.Rxd8+ 
Kxd8 28.Kf1 Kd7 29.Ke2 1-0

[Event "XXI Festival Conca della Presolana A"]
[Site "Bratto - Castione della Presolana ITA"]
[Date "2001.08.27"]
[Round "6"]
[White "Valenti, Giuseppe"]
[Black "Pagnoncelli, Marco"]
[Result "1-0"]
[WhiteElo "2201"]
[BlackElo "2064"]
[PlyCount "55"]
[EventDate "2001.08.22"]

1.e4 c5 2.Nf3 d6 3.d4 cxd4 4.Nxd4 Nf6 5.Nc3 g6 6.Be3 Bg7 7.f3 O-O 8.Qd2 
Nc6 9.Bc4 Bd7 10.h4 Qa5 11.O-O-O Rfc8 12.Bb3 Ne5 13.g4 Rc4 14.g5 Rxd4 15.
Bxd4 Nxf3 16.Qf2 Nxd4 17.Rxd4 Ng4 18.Qxf7+ Kh8 19.Rd5 Qd8 20.Qf4 Qb6 21.
Qf7 Nf2 22.Re1 Bc6 23.Rd2 Bxc3 24.bxc3 Nxe4 25.Rxe4 Bxe4 26.Qxe7 d5 27.
Qe5+ Kg8 28.Qxe4 1-0

[Event "XXI Festival Conca della Presolana A"]
[Site "Bratto - Castione della Presolana ITA"]
[Date "2001.08.28"]
[Round "7"]
[White "Arlandi, Ennio"]
[Black "Foisor, Ovidiu-Doru"]
[Result "1-0"]
[WhiteElo "2449"]
[BlackElo "2400"]
[PlyCount "85"]
[EventDate "2001.08.22"]

1.d4 g6 2.c4 Bg7 3.e4 d6 4.Nc3 c6 5.Nf3 a6 6.Be2 b5 7.a3 Bb7 8.O-O Nd7 9.
Qc2 Qb8 10.b4 bxc4 11.Bxc4 Ngf6 12.Re1 O-O 13.e5 dxe5 14.dxe5 Ng4 15.e6 c5
16.h3 Nge5 17.Nxe5 Nxe5 18.exf7+ Kh8 19.Ba2 c4 20.Bb2 Nd3 21.Rxe7 Qc8 22.
Rd1 Qc6 23.f3 Bf6 24.Ba1 Rad8 25.Bxc4 Qxc4 26.Rxb7 Bd4+ 27.Kh1 Bg7 28.Qe2 
h5 29.Qe3 Kh7 30.Ne4 Nf2+ 31.Nxf2 Rxd1+ 32.Nxd1 Bxa1 33.Nf2 Bd4 34.Qe1 
Rxf7 35.Rxf7+ Qxf7 36.Ne4 Qe7 37.Qd2 Be5 38.Nc5 a5 39.Qd7 Qxd7 40.Nxd7 
axb4 41.axb4 Bd4 42.b5 Kg7 43.b6 1-0

[Event "XXI Festival Conca della Presolana A"]
[Site "Bratto - Castione della Presolana ITA"]
[Date "2001.08.28"]
[Round "7"]
[White "Astengo, Corrado"]
[Black "Capata, Ion"]
[Result "1/2-1/2"]
[WhiteElo "2103"]
[BlackElo "1948"]
[PlyCount "93"]
[EventDate "2001.08.22"]

1.e4 e5 2.Nf3 Nc6 3.Bb5 Nf6 4.O-O Nxe4 5.d4 Nd6 6.Bxc6 dxc6 7.dxe5 Nf5 8.
Qxd8+ Kxd8 9.Nc3 Be7 10.Bg5 Be6 11.g4 Nh6 12.h3 Ng8 13.Bxe7+ Nxe7 14.Ng5 
h5 15.Nxe6+ fxe6 16.Ne4 Ng6 17.f3 Ke7 18.Nc5 hxg4 19.hxg4 Rh3 20.Rae1 Rah8
21.Re2 Nf4 22.Rd2 Rh1+ 23.Kf2 R8h2+ 24.Kg3 Rxd2 25.Rxh1 g5 26.Rh2 Ne2+ 27.
Kf2 Nd4+ 28.Kg3 Rxh2 29.Kxh2 Nxf3+ 30.Kg3 Nxe5 31.Nxb7 Nc4 32.b3 Ne3 33.c4
Nc2 34.Nc5 Kf7 35.Ne4 Kg6 36.Nc5 e5 37.Nd7 e4 38.Ne5+ Kf6 39.Nxc6 a6 40.
Kf2 Ke6 41.Ke2 Kd6 42.Nd8 Ke5 43.Kd2 Nd4 44.Ke3 Nc2+ 45.Kd2 Na1 46.Ke3 
Nc2+ 47.Kd2 1/2-1/2

[Event "XXI Festival Conca della Presolana A"]
[Site "Bratto - Castione della Presolana ITA"]
[Date "2001.08.28"]
[Round "7"]
[White "Battaggia, Piergiorgio"]
[Black "Luchsinger, Eric"]
[Result "1/2-1/2"]
[WhiteElo "2114"]
[BlackElo "2094"]
[PlyCount "71"]
[EventDate "2001.08.22"]

1.d4 Nf6 2.Nf3 c5 3.e3 g6 4.c4 Bg7 5.Nc3 cxd4 6.Nxd4 Nc6 7.Be2 Nxd4 8.exd4
d5 9.O-O dxc4 10.Bxc4 O-O 11.Re1 Bg4 12.Qb3 Rc8 13.Be3 Qc7 14.Be2 Bxe2 15.
Nxe2 Qd7 16.Rad1 Nd5 17.Bc1 e6 18.Bg5 Rc7 19.Nf4 Rfc8 20.Nxd5 Qxd5 21.Qxd5
exd5 22.Be3 Rc2 23.Rb1 b5 24.Kf1 f5 25.Red1 Kf7 26.Ke1 Bf6 27.Rd2 R2c4 28.
Kd1 g5 29.f3 Re8 30.Rd3 h5 31.Rc1 Rec8 32.b3 R4c6 33.Rxc6 Rxc6 34.Rd2 a6 
35.Rc2 Rxc2 36.Kxc2 1/2-1/2

[Event "XXI Festival Conca della Presolana A"]
[Site "Bratto - Castione della Presolana ITA"]
[Date "2001.08.28"]
[Round "7"]
[White "Bertazzo, Giorgio"]
[Black "Pegoraro, Nicola"]
[Result "0-1"]
[WhiteElo "2150"]
[BlackElo "2099"]
[PlyCount "128"]
[EventDate "2001.08.22"]

1.e4 c5 2.Nf3 d6 3.d4 cxd4 4.Nxd4 Nf6 5.Nc3 a6 6.Be2 e5 7.Nf5 Bxf5 8.exf5 
Qc7 9.O-O Be7 10.Bg5 Nbd7 11.Bf3 Rc8 12.Re1 b5 13.Bxf6 Nxf6 14.a3 O-O 15.
Re2 Rfd8 16.Nd5 Nxd5 17.Qxd5 Qc5 18.Rd1 Qxd5 19.Rxd5 Kf8 20.Be4 Bg5 21.Re1
Rc5 22.Red1 Rxd5 23.Bxd5 Ke7 24.Kf1 Rc8 25.Be4 Rc4 26.f3 Be3 27.c3 g6 28.
Ke2 Bg5 29.Bb7 a5 30.Rd5 Rc5 31.Rxc5 dxc5 32.fxg6 hxg6 33.Kd1 Kd6 34.Kc2 
f5 35.Ba6 Kc6 36.Bc8 e4 37.fxe4 fxe4 38.Bg4 a4 39.b3 axb3+ 40.Kxb3 Kd5 41.
Be2 c4+ 42.Kc2 Be7 43.Kd2 Bxa3 44.h4 Kc5 45.h5 gxh5 46.Bxh5 Bb2 47.Be2 Kd5
48.Bh5 e3+ 49.Kc2 Ba3 50.Bf3+ Kc5 51.Bh5 Kb6 52.Bf3 Be7 53.Bh5 Bf6 54.Bf3 
Kc5 55.Bg4 Bg7 56.Bh5 Be5 57.Bf3 Bg7 58.Bh5 Kd6 59.Bg4 Be5 60.Bh5 Kc5 61.
Bf3 Bg3 62.Bh5 Be1 63.Bg4 Kd6 64.Bh5 Ke5 0-1

[Event "XXI Festival Conca della Presolana A"]
[Site "Bratto - Castione della Presolana ITA"]
[Date "2001.08.28"]
[Round "7"]
[White "Borgo, Giulio"]
[Black "Tatai, Stefano"]
[Result "1-0"]
[WhiteElo "2428"]
[BlackElo "2350"]
[PlyCount "79"]
[EventDate "2001.08.22"]

1.e4 e6 2.d4 d5 3.Nc3 Bb4 4.e5 c5 5.a3 Bxc3+ 6.bxc3 Ne7 7.Qg4 Kf8 8.Bd3 
Qa5 9.Bd2 Qa4 10.c4 Nbc6 11.Nf3 dxc4 12.dxc5 Ng6 13.Bc3 Na5 14.Qd4 Bd7 15.
Bxg6 hxg6 16.c6 Bxc6 17.Qc5+ Kg8 18.Qxa5 Qxc2 19.Rd1 b6 20.Qb4 Qe4+ 21.Kf1
Qf5 22.Ne1 Rh4 23.Qd6 Bd5 24.f3 Qh5 25.h3 Qg5 26.Kf2 Qf5 27.Rd2 Rf4 28.
Rxd5 exd5 29.Qxd5 Qc8 30.g3 Rf5 31.g4 Rf4 32.Bd2 g5 33.Bxf4 gxf4 34.Nc2 
Qe8 35.Rd1 Rc8 36.Qd7 Qf8 37.Qd6 Qe8 38.Qd7 Qf8 39.Rd6 c3 40.h4 1-0

[Event "XXI Festival Conca della Presolana A"]
[Site "Bratto - Castione della Presolana ITA"]
[Date "2001.08.28"]
[Round "7"]
[White "Bozzali, Ermanno"]
[Black "Piva, Giorgio"]
[Result "0-1"]
[WhiteElo "2099"]
[BlackElo "2133"]
[PlyCount "58"]
[EventDate "2001.08.22"]

1.e4 c5 2.Nf3 d6 3.d4 cxd4 4.Nxd4 Nf6 5.Nc3 g6 6.Be3 Bg7 7.f3 Nc6 8.Qd2 
O-O 9.Bc4 Bd7 10.Bb3 Rc8 11.O-O-O Ne5 12.h4 Nc4 13.Bxc4 Rxc4 14.h5 Qc7 15.
hxg6 fxg6 16.Kb1 Rc8 17.e5 dxe5 18.Nb3 Be8 19.Bh6 Bh8 20.g4 e6 21.g5 Nd5 
22.Nxd5 exd5 23.Qxd5+ Bf7 24.Qd6 Rxc2 25.Qxc7 R2xc7 26.Rd6 e4 27.Rhd1 Bxb3
28.Rd8+ Kf7 29.Rxc8 Bc2+ 0-1

[Event "XXI Festival Conca della Presolana A"]
[Site "Bratto - Castione della Presolana ITA"]
[Date "2001.08.28"]
[Round "7"]
[White "Caruso, Daniele"]
[Black "Valori, Vincenzo"]
[Result "1/2-1/2"]
[WhiteElo "2104"]
[BlackElo "2056"]
[PlyCount "54"]
[EventDate "2001.08.22"]

1.e4 e5 2.Nf3 d6 3.d4 exd4 4.Qxd4 Nf6 5.Bg5 Be7 6.Nc3 O-O 7.O-O-O Nc6 8.
Qd2 a6 9.Bd3 b5 10.Rhe1 Ne5 11.Nxe5 dxe5 12.f4 c6 13.fxe5 Ng4 14.Bf4 Bc5 
15.Rf1 Qe7 16.e6 Qxe6 17.Kb1 Ne5 18.Qe1 Ra7 19.Qg3 Ng6 20.e5 Qg4 21.Ne4 
Nxf4 22.Qxf4 Qxf4 23.Rxf4 Be3 24.Rh4 Re7 25.Nf6+ gxf6 26.exf6 Re5 27.Bxh7+
Kh8 1/2-1/2

[Event "XXI Festival Conca della Presolana A"]
[Site "Bratto - Castione della Presolana ITA"]
[Date "2001.08.28"]
[Round "7"]
[White "Cavatorta, Fosco"]
[Black "Griffa, Roberto"]
[Result "0-1"]
[WhiteElo "2025"]
[BlackElo "2082"]
[PlyCount "140"]
[EventDate "2001.08.22"]

1.Nf3 c5 2.d3 d5 3.Nbd2 Nc6 4.e4 d4 5.g3 e5 6.Nc4 f6 7.a4 Nge7 8.Bg2 Ng6 
9.O-O Be7 10.Ne1 h5 11.h4 Bg4 12.Bf3 Qd7 13.Bxg4 hxg4 14.Ng2 O-O-O 15.f3 
gxf3 16.Qxf3 Nf8 17.Qf5 g6 18.Qxd7+ Rxd7 19.Bd2 Ne6 20.Rf3 Bd8 21.Raf1 Kc7
22.g4 Rdh7 23.R1f2 b6 24.Kf1 a6 25.a5 bxa5 26.Nxa5 g5 27.hxg5 Nxg5 28.Bxg5
fxg5 29.Rf7+ Be7 30.Nc4 Rxf7 31.Rxf7 Rf8 32.Rxf8 Bxf8 33.Ne1 Be7 34.Ke2 
Kd7 35.Nf3 Ke6 36.Kd2 Bd8 37.b3 Kf6 38.Kc1 Bc7 39.Kb2 Na5 40.Na3 Nc6 41.
Nc4 Na5 42.Nfd2 Nc6 43.b4 cxb4 44.Kb3 Ke6 45.Ka4 Bd8 46.Nb3 Be7 47.Nb6 Nd8
48.Ka5 Nf7 49.Nd2 Nh6 50.Nf3 Nxg4 51.Nxg5+ Bxg5 52.Kxb4 Ne3 53.Kb3 Bd8 54.
Na4 Kd6 55.c3 Kc6 56.cxd4 exd4 57.Kb4 a5+ 58.Kb3 Kb5 59.Nb2 Be7 60.Na4 Bb4
61.Nb2 Ng4 62.Nc4 a4+ 63.Ka2 Nf2 64.Ne5 Bc5 65.Kb2 Bd6 66.Nf7 Nxd3+ 67.Kc2
Nb4+ 68.Kb1 Be7 69.Ne5 Nc6 70.Nd3 Bd6 0-1

[Event "XXI Festival Conca della Presolana A"]
[Site "Bratto - Castione della Presolana ITA"]
[Date "2001.08.28"]
[Round "7"]
[White "Contin, Daniel"]
[Black "Valenti, Giuseppe"]
[Result "1/2-1/2"]
[WhiteElo "2382"]
[BlackElo "2201"]
[PlyCount "74"]
[EventDate "2001.08.22"]

1.Nf3 Nf6 2.c4 c5 3.g3 b6 4.Bg2 Bb7 5.O-O e6 6.b3 Be7 7.Bb2 O-O 8.e3 d5 9.
Qe2 Nc6 10.Nc3 a6 11.cxd5 exd5 12.d4 cxd4 13.exd4 Re8 14.Rad1 Bb4 15.Qd3 
Ne4 16.Ne2 a5 17.Ne5 Nxe5 18.dxe5 Ba6 19.Qe3 Bc5 20.Qf3 g6 21.h4 Bxe2 22.
Qxe2 Nxg3 23.Qg4 Nxf1 24.Bxd5 Qe7 25.Bxa8 Rxa8 26.Kxf1 Rd8 27.h5 Rxd1+ 28.
Qxd1 Qe6 29.Qf3 gxh5 30.Qxh5 Qg6 31.Qd1 Bf8 32.Qd4 Qb1+ 33.Ke2 Qc2+ 34.Kf3
Qf5+ 35.Ke2 Qc2+ 36.Kf3 Qf5+ 37.Ke2 Qc2+ 1/2-1/2

[Event "XXI Festival Conca della Presolana A"]
[Site "Bratto - Castione della Presolana ITA"]
[Date "2001.08.28"]
[Round "7"]
[White "De Barberis, Massimo"]
[Black "Astengo, Marcello"]
[Result "1/2-1/2"]
[WhiteElo "2103"]
[BlackElo "2005"]
[PlyCount "38"]
[EventDate "2001.08.22"]

1.d3 d5 2.g3 e6 3.Bg2 Nf6 4.Nf3 Bd6 5.O-O O-O 6.Nbd2 c6 7.e4 Be7 8.e5 Nfd7
9.Re1 c5 10.Nf1 Nc6 11.h4 Qc7 12.Bf4 Rd8 13.N1h2 Nf8 14.h5 Bd7 15.Ng4 Rac8
16.Qd2 Qb6 17.Bg5 Qb4 18.Bxe7 Qxd2 19.Nxd2 Nxe7 1/2-1/2

[Event "XXI Festival Conca della Presolana A"]
[Site "Bratto - Castione della Presolana ITA"]
[Date "2001.08.28"]
[Round "7"]
[White "Dervishi, Erald"]
[Black "Koskinen, Henri"]
[Result "1-0"]
[WhiteElo "2491"]
[BlackElo "2321"]
[PlyCount "157"]
[EventDate "2001.08.22"]

1.e4 e5 2.Nf3 Nc6 3.Bb5 a6 4.Ba4 Nf6 5.O-O Be7 6.Re1 b5 7.Bb3 d6 8.c3 O-O 
9.h3 Na5 10.Bc2 c5 11.d4 Qc7 12.Nbd2 Bd7 13.Nf1 Nc4 14.b3 Nb6 15.d5 g6 16.
Ng3 Kg7 17.a4 Ng8 18.a5 Nc8 19.Nh2 Qd8 20.b4 Bg5 21.Rf1 Bxc1 22.Qxc1 f6 
23.f4 Qc7 24.Qd2 Nce7 25.Rac1 Rac8 26.Bd3 cxb4 27.cxb4 Qa7+ 28.Kh1 Rxc1 
29.Rxc1 Rc8 30.Rf1 Rf8 31.Nf3 Rf7 32.Qc1 Rf8 33.Kh2 Rc8 34.Qd2 Rf8 35.Ne2 
Bc8 36.Qc1 Bd7 37.g4 h6 38.Kg3 g5 39.f5 Rc8 40.Qd2 Rf8 41.Rh1 Kf7 42.h4 
Ke8 43.Kg2 Kd8 44.Qc1 Be8 45.Ng3 Nc8 46.Kf1 Rf7 47.hxg5 hxg5 48.Rh8 Rc7 
49.Qe1 Rg7 50.Ke2 Kc7 51.Nh5 Bxh5 52.gxh5 g4 53.Nh4 g3 54.Ng2 Rg5 55.h6 
Nge7 56.h7 Rh5 57.Qc1+ Kb8 58.Qe3 Qc7 59.Kf3 Nxd5 60.exd5 Rxh7 61.Rxh7 
Qxh7 62.Be4 Qh3 63.Qe1 Qh2 64.Qxg3 Qh1 65.Qe1 Qh5+ 66.Kf2 Qg4 67.Qe2 Qg5 
68.Qe3 Qg7 69.Ne1 Qg4 70.Nc2 Qh4+ 71.Ke2 Qh5+ 72.Kd2 Qh2+ 73.Kc3 Qh4 74.
Kb2 Qh2 75.Qf3 Qh4 76.Qg2 Qf4 77.Bd3 Qh4 78.Qg7 e4 79.Bxb5 1-0

[Event "XXI Festival Conca della Presolana A"]
[Site "Bratto - Castione della Presolana ITA"]
[Date "2001.08.28"]
[Round "7"]
[White "Di Fonzo, Valerio"]
[Black "Giretti Kanev, Jasen"]
[Result "1/2-1/2"]
[WhiteElo "2223"]
[BlackElo "2178"]
[PlyCount "120"]
[EventDate "2001.08.22"]

1.e4 e6 2.d4 d5 3.Nc3 dxe4 4.Nxe4 Nf6 5.Nxf6+ gxf6 6.Bf4 Rg8 7.Qd2 c5 8.
dxc5 Qxd2+ 9.Bxd2 Bxc5 10.Bc3 e5 11.f4 Nc6 12.O-O-O Be6 13.Kb1 Bd4 14.Bxd4
Nxd4 15.c3 Bg4 16.Rd2 Bf5+ 17.Kc1 Rc8 18.Nf3 Nxf3 19.gxf3 Rd8 20.Bb5+ Ke7 
21.Rxd8 Kxd8 22.Bd3 Bxd3 23.Rd1 Ke7 24.Rxd3 Ke6 25.c4 Rc8 26.Rc3 Kf5 27.
fxe5 fxe5 28.b4 e4 29.c5 b6 30.Kd2 bxc5 31.bxc5 Rc7 32.Ke3 exf3 33.Kxf3 
Ke5 34.Kg4 f5+ 35.Kg5 f4 36.Rc1 Rf7 37.Kh6 Rf6+ 38.Kxh7 Rc6 39.h4 Kf5 40.
h5 Kg5 41.Kg7 f3 42.Kf7 Kg4 43.h6 Rxh6 44.Ke7 f2 45.Kd7 Rh7+ 46.Kd6 Rh3 
47.c6 Rd3+ 48.Kc7 Rd2 49.a4 Re2 50.Rf1 Rb2 51.Kd7 Rd2+ 52.Kc8 Rc2 53.Kb7 
Kf3 54.c7 Ke2 55.Rxf2+ Kxf2 56.c8=Q Rxc8 57.Kxc8 a5 58.Kb7 Ke3 59.Kb6 Kd4 
60.Kxa5 Kc5 1/2-1/2

[Event "XXI Festival Conca della Presolana A"]
[Site "Bratto - Castione della Presolana ITA"]
[Date "2001.08.28"]
[Round "7"]
[White "Drazic, Sinisa"]
[Black "Epishin, Vladimir V."]
[Result "1/2-1/2"]
[WhiteElo "2480"]
[BlackElo "2583"]
[PlyCount "53"]
[EventDate "2001.08.22"]

1.e4 c6 2.d4 d5 3.Nc3 dxe4 4.Nxe4 Bf5 5.Ng3 Bg6 6.h4 h6 7.Nf3 Nf6 8.Ne5 
Bh7 9.Bd3 Bxd3 10.Qxd3 e6 11.Bd2 Be7 12.O-O-O O-O 13.f4 c5 14.dxc5 Qc7 15.
Ne4 Rd8 16.Nxf6+ Bxf6 17.Qg3 Nd7 18.Ng4 h5 19.Nxf6+ Nxf6 20.Be3 Rd5 21.
Rxd5 Nxd5 22.Qf3 Rc8 23.Rd1 b6 24.c4 Nxe3 25.Qxe3 bxc5 26.g3 g6 27.Qd2 
1/2-1/2

[Event "XXI Festival Conca della Presolana A"]
[Site "Bratto - Castione della Presolana ITA"]
[Date "2001.08.28"]
[Round "7"]
[White "Everet, Alexandro"]
[Black "Jablon, Stephen"]
[Result "1-0"]
[WhiteElo "2308"]
[BlackElo "1844"]
[PlyCount "73"]
[EventDate "2001.08.22"]

1.e4 d5 2.e5 c5 3.f4 Nc6 4.Nf3 Bf5 5.Bb5 Qc7 6.d4 e6 7.O-O a6 8.Bxc6+ Qxc6
9.Be3 Nh6 10.h3 b6 11.Nc3 Be7 12.g4 Bg6 13.Nh2 f5 14.exf6 Bxf6 15.Nf3 Nf7 
16.dxc5 bxc5 17.f5 exf5 18.Nxd5 fxg4 19.hxg4 Rd8 20.c4 Be4 21.Qe2 O-O 22.
g5 Bxf3 23.Rxf3 Nxg5 24.Rxf6 Nh3+ 25.Kh2 Qd7 26.Rxf8+ Rxf8 27.Rf1 Qd6+ 28.
Kxh3 Qe6+ 29.Kh2 Qe5+ 30.Kg1 Rb8 31.Qf3 Qe8 32.Qg3 Kh8 33.Bf4 Rxb2 34.Be5 
Rb7 35.Nc7 Qe7 36.Bd6 Qd7 37.Rf8# 1-0

[Event "XXI Festival Conca della Presolana A"]
[Site "Bratto - Castione della Presolana ITA"]
[Date "2001.08.28"]
[Round "7"]
[White "Ferrari, Nicola"]
[Black "Maksimovic, Suzana"]
[Result "1/2-1/2"]
[WhiteElo "2163"]
[BlackElo "2294"]
[PlyCount "49"]
[EventDate "2001.08.22"]

1.e4 c5 2.Nf3 a6 3.c3 d5 4.exd5 Qxd5 5.d4 Nc6 6.Be3 cxd4 7.cxd4 e5 8.Nc3 
Bb4 9.dxe5 Nge7 10.Be2 Qa5 11.O-O O-O 12.Ne4 Ng6 13.a3 Be7 14.Nd4 Qxe5 15.
Nxc6 bxc6 16.Qd4 f5 17.Nd2 Rd8 18.Nf3 Qxd4 19.Bxd4 Be6 20.Rfe1 Bd5 21.Ne5 
Bf6 22.Nxg6 Bxd4 23.Ne7+ Kf8 24.Nxd5 Rxd5 25.Rab1 1/2-1/2

[Event "XXI Festival Conca della Presolana A"]
[Site "Bratto - Castione della Presolana ITA"]
[Date "2001.08.28"]
[Round "7"]
[White "Friedrich, Norbert"]
[Black "Eskola, Risto"]
[Result "1-0"]
[WhiteElo "2275"]
[BlackElo "2148"]
[PlyCount "45"]
[EventDate "2001.08.22"]

1.e4 e5 2.Nf3 d6 3.d4 Nd7 4.Bc4 c6 5.Nc3 Be7 6.O-O Ngf6 7.a4 h6 8.Qe2 Qc7 
9.Be3 Nf8 10.Rfd1 a5 11.h3 Ng6 12.Rd2 O-O 13.Rad1 Nh5 14.Qf1 Nhf4 15.Ne2 
Re8 16.Ng3 d5 17.Bb3 Be6 18.Nxe5 Nxe5 19.dxe5 Qxe5 20.Bxf4 Qxf4 21.exd5 
Red8 22.Ne2 Qb4 23.Rd4 1-0

[Event "XXI Festival Conca della Presolana A"]
[Site "Bratto - Castione della Presolana ITA"]
[Date "2001.08.28"]
[Round "7"]
[White "Galli, Fabio"]
[Black "Menoni, Vincenzo"]
[Result "1/2-1/2"]
[WhiteElo "2079"]
[BlackElo "2252"]
[PlyCount "43"]
[EventDate "2001.08.22"]

1.e4 e6 2.d4 d5 3.exd5 exd5 4.Bd3 Nc6 5.c3 Bd6 6.Qf3 Nge7 7.Bf4 Ng6 8.Bxd6
Qxd6 9.Ne2 Be6 10.Qg3 O-O-O 11.Qxd6 Rxd6 12.Nd2 Nce7 13.O-O Bf5 14.Bxf5+ 
Nxf5 15.Rfe1 Re8 16.Kf1 Rde6 17.g3 Rf6 18.Kg2 Rfe6 19.Kf1 Rf6 20.Kg2 h5 
21.Ng1 Rfe6 22.Ngf3 1/2-1/2

[Event "XXI Festival Conca della Presolana A"]
[Site "Bratto - Castione della Presolana ITA"]
[Date "2001.08.28"]
[Round "7"]
[White "Guido, Flavio"]
[Black "Lalic, Bogdan"]
[Result "1/2-1/2"]
[WhiteElo "2379"]
[BlackElo "2528"]
[PlyCount "48"]
[EventDate "2001.08.22"]

1.e4 c6 2.d4 d5 3.Nd2 dxe4 4.Nxe4 Nd7 5.Nf3 Ngf6 6.Nxf6+ Nxf6 7.Ne5 Be6 8.
Be2 g6 9.O-O Bg7 10.c4 O-O 11.Be3 Ne4 12.f4 f6 13.Nf3 Nd6 14.Qc2 b5 15.b3 
bxc4 16.bxc4 Qa5 17.Bd3 Bf5 18.Bxf5 Qxf5 19.Qxf5 Nxf5 20.Bf2 Nd6 21.Rfe1 
Nxc4 22.Rxe7 Nb6 23.Re6 Nd5 24.g3 Rfc8 1/2-1/2

[Event "XXI Festival Conca della Presolana A"]
[Site "Bratto - Castione della Presolana ITA"]
[Date "2001.08.28"]
[Round "7"]
[White "Khenkin, Igor"]
[Black "Cebalo, Miso"]
[Result "1-0"]
[WhiteElo "2579"]
[BlackElo "2476"]
[PlyCount "83"]
[EventDate "2001.08.22"]

1.d4 Nf6 2.c4 g6 3.Nc3 Bg7 4.e4 d6 5.f3 O-O 6.Nge2 c5 7.d5 e6 8.Ng3 exd5 
9.cxd5 h5 10.Bg5 Qb6 11.Qd2 Nh7 12.Bh4 Nd7 13.f4 Ndf6 14.h3 Re8 15.Be2 c4 
16.Bf3 Bd7 17.Nge2 Qa5 18.O-O b5 19.a3 b4 20.axb4 Qxb4 21.Ra6 Bb5 22.Ra2 
a5 23.Nd4 Bd7 24.Re1 Bh6 25.Bg5 Bg7 26.Bh4 Bh6 27.Nc6 Bxc6 28.dxc6 Rac8 
29.Ra4 Qb3 30.Bf2 Nf8 31.Rxa5 Qb8 32.Rb5 Qa8 33.Qxd6 Rxc6 34.e5 Rxd6 35.
Bxa8 Rd3 36.Bc6 Re6 37.Bf3 N6d7 38.Bd5 Bxf4 39.Bxc4 Bd2 40.Bxd3 Bxe1 41.
Bxe1 Nxe5 42.Be4 1-0

[Event "XXI Festival Conca della Presolana A"]
[Site "Bratto - Castione della Presolana ITA"]
[Date "2001.08.28"]
[Round "7"]
[White "Mantovani, Renzo"]
[Black "Godena, Michele"]
[Result "0-1"]
[WhiteElo "2372"]
[BlackElo "2491"]
[PlyCount "115"]
[EventDate "2001.08.22"]

1.d4 Nf6 2.Nf3 d5 3.Bf4 Bf5 4.e3 e6 5.Bd3 Bxd3 6.Qxd3 c5 7.dxc5 Na6 8.Nc3 
Nxc5 9.Qb5+ Nfd7 10.O-O a6 11.Qe2 Nf6 12.Rfd1 Be7 13.Nd2 Qb6 14.Rab1 Qc6 
15.Nb3 Nxb3 16.axb3 O-O 17.Bg5 Rac8 18.Rd2 h6 19.Bxf6 Bxf6 20.Na2 d4 21.c3
dxe3 22.Qxe3 Qb5 23.Nc1 Rfd8 24.g3 Rxd2 25.Qxd2 Rd8 26.Qc2 Bg5 27.f4 Be7 
28.b4 Qb6+ 29.Kg2 Qc6+ 30.Kh3 Bxb4 31.Nb3 Be7 32.Rd1 Qf3 33.Rxd8+ Bxd8 34.
Nd4 Qf1+ 35.Qg2 Qxg2+ 36.Kxg2 Kf8 37.Kf3 Ke7 38.g4 Bb6 39.Nc2 Kd6 40.Ke4 
g6 41.f5 exf5+ 42.gxf5 h5 43.fxg6 fxg6 44.Nb4 Ke6 45.Nd5 Bg1 46.h3 Bh2 47.
c4 Bd6 48.b3 a5 49.Ne3 Bb4 50.Nd5 g5 51.Ne3 Kd6 52.Nf5+ Kc5 53.Kd3 g4 54.
hxg4 hxg4 55.Ne3 g3 56.Ke4 Bd2 57.Ng2 Kb4 58.Kd3 0-1